Étrend-kiegészítők a gyógyszertárban fokozható-e a szellemi és fizikai teljesítmény étrend- kiegészítőkkel? /

Elmentve itt :
Bibliográfiai részletek
Szerző: Tóth Barbara
Dokumentumtípus: Cikk
Megjelent: 2015
Sorozat:PATIKA MAGAZIN FÜZETEK 2015 No. 9
mtmt:3021909
Online Access:http://publicatio.bibl.u-szeged.hu/7231
LEADER 00696nab a2200181 i 4500
001 publ7231
005 20190730085443.0
008 170308s2015 hu o 0|| zxx d
022 |a 2062-753X 
024 7 |a 3021909  |2 mtmt 
040 |a SZTE Publicatio Repozitórium  |b hun 
041 |a zxx 
100 1 |a Tóth Barbara 
245 1 0 |a Étrend-kiegészítők a gyógyszertárban   |h [elektronikus dokumentum] :  |b fokozható-e a szellemi és fizikai teljesítmény étrend- kiegészítőkkel? /  |c  Tóth Barbara 
260 |c 2015 
300 |a 12-13 
490 0 |a PATIKA MAGAZIN FÜZETEK  |v 2015 No. 9 
856 4 0 |u http://publicatio.bibl.u-szeged.hu/7231/1/3021909%20T%C3%B3th%20PatikaMagazin_2015-09.pdf  |z Dokumentum-elérés